[Event "ESP-ch Seniora 50"]
[Site "Altea"]
[Date "2022.11.03"]
[Round "6"]
[White "Diaz Rodriguez, Jose Antonio"]
[Black "Pastor Pons, Pedro Maria"]
[Result "1/2-1/2"]
[WhiteElo "1939"]
[BlackElo "2067"]
[PlyCount "78"]
[EventDate "2022.10.29"]
[EventType "swiss"]
[EventRounds "9"]
[EventCountry "ESP"]
[SourceTitle "EXT 2024"]
[Source "ChessBase"]
[SourceDate "2023.10.10"]
[SourceVersion "1"]
[SourceVersionDate "2023.10.10"]
[SourceQuality "1"]
[WhiteTeam "Spain"]
[BlackTeam "Spain"]
[WhiteTeamCountry "ESP"]
[BlackTeamCountry "ESP"]

1. e4 d6 2. d4 Nf6 3. Nc3 c6 4. a4 Qa5 5. Bd2 e5 6. Nd5 Qd8 7. Nxf6+ Qxf6 8. Be3 Be7 9. Ne2 Qg6 10. Ng3 Bg5 11. Qd2 Bxe3 12. Qxe3 0-0 13. Be2 Qf6 14. c3 g6 15. 0-0 Qf4 16. Qd3 Nd7 17. Rae1 c5 18. Bd1 Qf6 19. Ne2 b6 20. f4 Qe7 21. fxe5 dxe5 22. d5 Qd6 23. c4 a6 24. Nc3 Nf6 25. Qg3 Kg7 26. Rf2 Ne8 27. Ref1 f6 28. Bg4 Bxg4 29. Qxg4 Ra7 30. Rf3 Qd7 31. Qh4 g5 32. Rg3 h6 33. Qh5 Nd6 34. Rh3 Rh8 35. Rhf3 Rf8 36. b3 Qf7 37. Qg4 Qd7 38. Qh5 Qf7 39. Qg4 Qd7 1/2-1/2

[Event "Almansa op-B 14th"]
[Site "Almansa"]
[Date "2019.08.07"]
[Round "2"]
[White "Noblejas Carreto, Victor"]
[Black "Diaz Rodriguez, Jose Antonio"]
[Result "1-0"]
[WhiteElo "1742"]
[BlackElo "1979"]
[PlyCount "77"]
[EventDate "2019.08.07"]
[EventType "swiss"]
[EventRounds "7"]
[EventCountry "ESP"]
[SourceTitle "EXT 2022"]
[Source "ChessBase"]
[SourceDate "2021.10.06"]
[SourceVersion "1"]
[SourceVersionDate "2021.10.06"]
[SourceQuality "1"]

1. e4 d6 2. Nf3 Nf6 3. Nc3 g6 4. d4 Bg7 5. Be2 0-0 6. 0-0 c6 7. a4 a5 8. h3 b6 9. Be3 Ba6 10. Nd2 e5 11. dxe5 dxe5 12. Bxa6 Rxa6 13. Nc4 Qc7 14. Qe2 Nfd7 15. Rfd1 Ra7 16. Rd2 Na6 17. Nxa5 bxa5 18. Bxa7 Qxa7 19. Rxd7 Qxd7 20. Qxa6 Qc7 21. Rd1 Rb8 22. b3 Rb4 23. Qd3 Rd4 24. Qe2 Bf8 25. Rxd4 exd4 26. Nb1 Qf4 27. Nd2 Bb4 28. Nc4 h5 29. g3 Qf6 30. Kg2 Kg7 31. f4 h4 32. e5 Qe7 33. g4 Qd7 34. Qe4 Bc3 35. f5 g5 36. Nd6 f6 37. Nc4 d3 38. e6 Qc7 39. Qxd3 1-0

[Event "ESP-ch 83rd"]
[Site "Linares"]
[Date "2018.08.24"]
[Round "5"]
[White "Diaz Rodriguez, Jose Antonio"]
[Black "Carretero Ortiz, Francisco"]
[Result "1/2-1/2"]
[WhiteElo "1991"]
[BlackElo "2241"]
[PlyCount "46"]
[EventDate "2018.08.20"]
[EventType "swiss"]
[EventRounds "9"]
[EventCountry "ESP"]
[SourceTitle "CBM 186 Extra"]
[Source "ChessBase"]
[SourceDate "2018.08.24"]
[SourceVersion "1"]
[SourceVersionDate "2018.08.24"]
[SourceQuality "1"]

1. e4 d6 2. d4 g6 3. Be3 Bg7 4. Nc3 a6 5. Qd2 b5 6. 0-0-0 Bb7 7. f3 Nd7 8. g4 Rc8 9. h4 h6 10. Nge2 c5 11. Ng3 Qa5 12. Kb1 Nb6 13. Ka1 c4 14. Nb1 Qxd2 15. Rxd2 e6 16. c3 d5 17. e5 Ne7 18. Na3 Na4 19. Nb1 Nb6 20. Na3 Na4 21. Nb1 Nb6 22. Na3 Na4 23. Nb1 Nb6 1/2-1/2

[Event "Almansa op-B 13th"]
[Site "Almansa"]
[Date "2018.08.04"]
[Round "5.1"]
[White "Piernagorda Copado, Jose"]
[Black "Diaz Rodriguez, Jose Antonio"]
[Result "1/2-1/2"]
[WhiteElo "1970"]
[BlackElo "1991"]
[PlyCount "38"]
[EventDate "2018.08.02"]
[EventType "swiss"]
[EventRounds "7"]
[EventCountry "ESP"]
[SourceTitle "EXT 2024"]
[Source "ChessBase"]
[SourceDate "2023.10.10"]
[SourceVersion "1"]
[SourceVersionDate "2023.10.10"]
[SourceQuality "1"]

1. e4 e6 2. d4 d5 3. exd5 exd5 4. Nf3 Bd6 5. Bd3 Nf6 6. 0-0 0-0 7. c3 c6 8. Bg5 Bg4 9. Nbd2 Nbd7 10. Re1 Qc7 11. Qc2 Rfe8 12. Bh4 Bh5 13. Bg3 Bxg3 14. hxg3 Bg6 15. Bxg6 fxg6 16. Rxe8+ Rxe8 17. Re1 Rxe1+ 18. Nxe1 Qb6 19. Nd3 Qc7 1/2-1/2

[Event "Almansa op-A 12th"]
[Site "Almansa"]
[Date "2017.08.02"]
[Round "2"]
[White "Draghici Flutur, Gavril"]
[Black "Diaz Rodriguez, Jose Antonio"]
[Result "1-0"]
[WhiteElo "2063"]
[BlackElo "2000"]
[PlyCount "53"]
[EventDate "2017.08.01"]
[EventType "swiss"]
[EventRounds "9"]
[EventCountry "ESP"]
[SourceTitle "CBM 179 Extra"]
[Source "ChessBase"]
[SourceDate "2017.08.23"]
[SourceVersion "1"]
[SourceVersionDate "2017.08.23"]
[SourceQuality "1"]

1. e4 g6 2. d4 Bg7 3. Nf3 d6 4. Bc4 Nf6 5. Qe2 c6 6. e5 dxe5 7. dxe5 Nd5 8. h3 0-0 9. 0-0 Qb6 10. Bb3 a5 11. c4 a4 12. Bd1 Nc7 13. Nc3 a3 14. b3 Qa5 15. Bd2 Qa6 16. Bc2 Nd7 17. Rfd1 b5 18. cxb5 Nxb5 19. Bd3 Rb8 20. Rac1 e6 21. Nxb5 cxb5 22. Bb4 Re8 23. Bd6 Rb7 24. Be4 Rb6 25. Bc7 Bf8 26. Bxb6 Nxb6 27. Bc6 1-0

[Event "ESP-ch Seniors 50"]
[Site "Altea"]
[Date "2016.10.16"]
[Round "9"]
[White "Diaz Rodriguez, Jose Antonio"]
[Black "Barraza Caracuel, Ignacio"]
[Result "1-0"]
[WhiteElo "2007"]
[BlackElo "2220"]
[PlyCount "115"]
[EventDate "2016.10.09"]
[EventType "swiss"]
[EventRounds "9"]
[EventCountry "ESP"]
[SourceTitle "EXT 2024"]
[Source "ChessBase"]
[SourceDate "2023.10.10"]
[SourceVersion "1"]
[SourceVersionDate "2023.10.10"]
[SourceQuality "1"]

1. e4 c5 2. c3 d5 3. e5 Bf5 4. Nf3 Nc6 5. d4 e6 6. Be2 cxd4 7. cxd4 Bb4+ 8. Bd2 Bxd2+ 9. Qxd2 Nge7 10. 0-0 0-0 11. Nc3 a6 12. Na4 Qc7 13. Rac1 Rfc8 14. Nh4 Bg6 15. g4 b6 16. Ng2 f6 17. f4 Be4 18. f5 fxe5 19. f6 gxf6 20. Rxf6 Ng6 21. Rxe6 Qb7 22. dxe5 Nd4 23. Rxc8+ Qxc8 24. Rxg6+ hxg6 25. Qxd4 Qc1+ 26. Qd1 Qg5 27. Nxb6 Rf8 28. Nd7 Rc8 29. h4 Qc1 30. Nf6+ Kf7 31. Nxe4 dxe4 32. Qxc1 Rxc1+ 33. Bf1 Ke6 34. Nf4+ Kxe5 35. Nxg6+ Kf6 36. Nf4 e3 37. Nd5+ Ke5 38. Nxe3 Kf4 39. Kf2 Rb1 40. Bxa6 Rxb2+ 41. Be2 Rxa2 42. Ng2+ Ke5 43. Kf3 Ra3+ 44. Kf2 Ke4 45. Ne1 Kf4 46. g5 Kf5 47. Nf3 Kg4 48. g6 Ra7 49. Bc4 Kh5 50. Bf7 Kh6 51. Kg3 Ra4 52. Ng5 Ra3+ 53. Kf4 Ra4+ 54. Ne4 Ra5 55. Nd6 Ra4+ 56. Ke5 Ra5+ 57. Ke6 Ra6 58. Ke7 1-0

[Event "ESP-ch Seniors 50"]
[Site "Altea"]
[Date "2016.10.11"]
[Round "3"]
[White "Diaz Rodriguez, Jose Antonio"]
[Black "Pastor Alonso de Prado, Emilio Alberto"]
[Result "0-1"]
[WhiteElo "2007"]
[BlackElo "2177"]
[PlyCount "85"]
[EventDate "2016.10.09"]
[EventType "swiss"]
[EventRounds "9"]
[EventCountry "ESP"]
[SourceTitle "EXT 2024"]
[Source "ChessBase"]
[SourceDate "2023.10.10"]
[SourceVersion "1"]
[SourceVersionDate "2023.10.10"]
[SourceQuality "1"]

1. e4 e5 2. Nf3 Nc6 3. Bb5 d6 4. 0-0 Bd7 5. c3 Nf6 6. Re1 Be7 7. d4 0-0 8. Ba4 Re8 9. d5 Nb8 10. Bc2 h6 11. Nbd2 Nh7 12. Nf1 Bg4 13. h3 Bxf3 14. Qxf3 Bg5 15. Be3 g6 16. g3 Kg7 17. Qg2 Bxe3 18. Nxe3 Nf6 19. Rf1 Re7 20. f4 Nbd7 21. fxe5 Nxe5 22. Qf2 Nh7 23. Kh2 Qd7 24. Rae1 a5 25. g4 Rf8 26. Qf4 Qb5 27. b3 Qc5 28. Qg3 Kh8 29. Qh4 Ree8 30. Qxh6 Qxc3 31. Qf4 Nd7 32. Re2 Qe5 33. h4 Kg7 34. Kg3 Nhf6 35. Nc4 Qxf4+ 36. Rxf4 b6 37. Rff2 Ne5 38. g5 Nfd7 39. Nd2 f6 40. Nf1 fxg5 41. hxg5 Rxf2 42. Rxf2 Nf7 43. Kf4 0-1

[Event "Navalmoral op 18th"]
[Site "Navalmoral"]
[Date "2012.12.05"]
[Round "1"]
[White "Narciso Dublan, Marc"]
[Black "Diaz Rodriguez, Jose Antonio"]
[Result "1-0"]
[WhiteElo "2551"]
[BlackElo "2103"]
[PlyCount "45"]
[EventDate "2012.12.05"]
[EventType "swiss"]
[EventRounds "9"]
[EventCountry "ESP"]
[SourceTitle "CBM 151 Extra"]
[Source "ChessBase"]
[SourceDate "2012.12.18"]
[SourceVersion "1"]
[SourceVersionDate "2012.12.18"]
[SourceQuality "1"]

1. d4 Nf6 2. c4 g6 3. Nc3 Bg7 4. e4 d6 5. Be2 0-0 6. Nf3 Nbd7 7. Be3 e5 8. d5 Nh5 9. g3 Nc5 10. Nd2 Nf6 11. g4 Ne8 12. Rg1 Kh8 13. Qc2 f5 14. gxf5 gxf5 15. 0-0-0 f4 16. Bxc5 dxc5 17. Bg4 a6 18. Nf3 Nd6 19. Bxc8 Qxc8 20. Ng5 Nxc4 21. Qe2 Nd6 22. Qh5 h6 23. Ne6 1-0

[Event "Andalucia-ch"]
[Site "Lucena"]
[Date "2012.04.30"]
[Round "8"]
[White "Alshameary Puente, Ismael"]
[Black "Diaz Rodriguez, Jose Antonio"]
[Result "1-0"]
[WhiteElo "2049"]
[BlackElo "2055"]
[PlyCount "59"]
[EventDate "2012.04.26"]
[EventType "swiss"]
[EventRounds "9"]
[EventCountry "ESP"]
[SourceTitle "EXT 2013"]
[Source "ChessBase"]
[SourceDate "2012.11.22"]
[SourceVersion "1"]
[SourceVersionDate "2012.11.22"]
[SourceQuality "1"]

1. d4 Nf6 2. c4 g6 3. g3 Bg7 4. Bg2 0-0 5. Nf3 d6 6. 0-0 c6 7. Nc3 Nbd7 8. e4 e5 9. h3 Qe7 10. Re1 Nh5 11. Be3 exd4 12. Bxd4 Ne5 13. Kh2 Nxc4 14. Bxg7 Nxg7 15. Qd4 Be6 16. Nd5 cxd5 17. exd5 Nb6 18. dxe6 fxe6 19. Rad1 Rad8 20. a4 Nc8 21. h4 Nf5 22. Qe4 Ng7 23. Rd2 d5 24. Qg4 Qf6 25. Ng5 Rd6 26. a5 h6 27. Nf3 Ne7 28. Qb4 Rd7 29. Ne5 Rc7 30. Ng4 1-0

[Event "Andalucia-ch"]
[Site "Lucena"]
[Date "2012.04.28"]
[Round "4"]
[White "Cruz Ravina, Francisco Javier"]
[Black "Diaz Rodriguez, Jose Antonio"]
[Result "1-0"]
[WhiteElo "2339"]
[BlackElo "2055"]
[PlyCount "63"]
[EventDate "2012.04.26"]
[EventType "swiss"]
[EventRounds "9"]
[EventCountry "ESP"]
[SourceTitle "EXT 2013"]
[Source "ChessBase"]
[SourceDate "2012.11.22"]
[SourceVersion "1"]
[SourceVersionDate "2012.11.22"]
[SourceQuality "1"]

1. e4 e6 2. Nf3 d5 3. e5 c5 4. b4 f6 5. bxc5 fxe5 6. Nxe5 Qf6 7. Bb2 Bxc5 8. Bb5+ Bd7 9. Qh5+ g6 10. Qe2 d4 11. Nxd7 Nxd7 12. Bxd7+ Kxd7 13. Qb5+ Kd6 14. 0-0 Ne7 15. Na3 b6 16. Rae1 Nc6 17. Nc4+ Kc7 18. d3 Rhe8 19. a4 a6 20. Qb3 Rab8 21. f4 Nb4 22. Ne5 Nc6 23. Nxc6 Kxc6 24. Re5 Rbd8 25. g3 h6 26. Rfe1 Rd6 27. a5 Kc7 28. axb6+ Bxb6 29. Qa4 Ra8 30. Ba3 Rc6 31. Qxc6+ Kxc6 32. Rxe6+ 1-0

[Event "Jaen 20th op"]
[Site "Jaen"]
[Date "2010.01.31"]
[Round "2.9"]
[White "San Segundo Carrillo, Pablo"]
[Black "Diaz Rodriguez, Jose Antonio"]
[Result "1-0"]
[WhiteElo "2534"]
[BlackElo "2143"]
[PlyCount "79"]
[EventDate "2010.01.31"]
[EventType "swiss (rapid)"]
[EventCountry "ESP"]
[SourceTitle "EXT 2024"]
[Source "ChessBase"]
[SourceDate "2023.10.10"]
[SourceVersion "1"]
[SourceVersionDate "2023.10.10"]
[SourceQuality "1"]

1. d4 Nf6 2. c4 g6 3. Nc3 Bg7 4. e4 d6 5. Nf3 0-0 6. h3 Nbd7 7. Be3 e5 8. d5 a5 9. g4 Nc5 10. Nd2 Qe7 11. Be2 Ne8 12. h4 f5 13. gxf5 gxf5 14. Qc2 Na6 15. exf5 Nb4 16. Qd1 e4 17. Rg1 Bxf5 18. Nb3 Nd3+ 19. Bxd3 exd3 20. Nd4 Be4 21. Qg4 Nf6 22. Qe6+ Rf7 23. 0-0-0 Re8 24. Qxe7 Rexe7 25. Ne6 Bf5 26. Nxg7 Rxg7 27. Bg5 Kf7 28. Kd2 Re5 29. Bxf6 Kxf6 30. Rxg7 Kxg7 31. Rg1+ Kh6 32. Rg5 Bg6 33. f4 Rf5 34. Ke3 Kg7 35. Rxf5 Bxf5 36. Nb5 Kh6 37. Nxc7 Kh5 38. Ne8 Kxh4 39. Nxd6 Bc8 40. Ke4 1-0